000
00283nam a2200121Ia 4500
008
191201s2007 xx 000 0 und d
100
_a
FINAR, I.L.
245
0
_a
Organic Chemistry Vol-II
260
_a
N. Delhi
_b
Pearson
_c
2007
300
_a
956
650
_a
Applied
942
_2
ddc
_c
BK
999
_c
6610
_d
6610